| 000 | 00805cab a2200241 4500 | ||
|---|---|---|---|
| 001 | ABS58331 | ||
| 008 | 090401t1998 xxu||||| |||| 00| 0 eng d | ||
| 035 | _a(Sirsi) u84257 | ||
| 041 | _aeng | ||
| 245 | _aSitting and the virtual office | ||
| 260 | _c1998 | ||
| 350 | _a0 | ||
| 490 |
_aFacilities Management Guide _vFebruary 1998, 9-10(2) |
||
| 520 | _aWarns that the Health and Safety Executive`s Display Screen Equipment Regulations still apply in the virtual office and that companies should ensure that home offices comply with this legislation. | ||
| 650 | _aDISPLAY SCREEN EQUIPMENT | ||
| 650 |
_aHEALTH AND SAFETY _96244 |
||
| 650 | _aTELEWORKING | ||
| 650 | _aVDUS | ||
| 650 | _aVIRTUAL OFFICES | ||
| 690 | _aOFFICE SERVICES AND ADMINISTRATION | ||
| 942 | _n0 | ||
| 948 | _c16/02/1998 | ||
| 999 |
_c52943 _d52943 |
||